| 000 | 01014nam a22002895a 4500 | ||
|---|---|---|---|
| 003 | OSt | ||
| 005 | 20170705141422.0 | ||
| 008 | 170705s2014 ua grb 000 0 ara d | ||
| 017 | _a2014 / 20391 | ||
| 020 | _a9789776494039 | ||
| 040 |
_aEG-ScBUE _bara _cEG-ScBUE |
||
| 082 | 0 | 4 |
_222 _a658.8 _bع م ر |
| 100 | 1 | _aعمر، عصام عبد اللطيف. | |
| 245 | 1 | 0 |
_aمهارات المدير الفعال / _cعصام عبد اللطيف. |
| 246 | 3 | 4 | _aمهارات المدير الفعال ومهارات التسويق |
| 250 | _aط. 1. | ||
| 260 |
_aالقاهرة : _bنيو لينك للنشر والتدريب، _c2015. |
||
| 300 |
_a120 ص. ؛ _c30 سم. |
||
| 504 | _aيشتمل على إرجاعات ببليوجرافية. | ||
| 541 | _aإهداء من أ. محمد فريد خميس. | ||
| 590 | _aدعاء | ||
| 650 | 7 |
_2BUEsh _aالتسويق _921566 _xإدارة. |
|
| 650 | 7 |
_2BUEsh _aالمهارات الإدارية. |
|
| 651 | _2BUEsh | ||
| 653 |
_bGGEN _cJuly2017 |
||
| 942 | _2ddc | ||
| 999 |
_c24985 _d24957 |
||